000 01065nam a22003850a 4500
001 PT58201
003 AR-LpoUNG
005 20210131231847.0
008 191001s2016||||ag |||||||||||||||||spa d
020 _a9789875747418
_c$16,50
040 _aAR-LpoUNG
_bspa
_cAR-LpoUNG
_eaacr
041 _aspa
044 _aag
082 0 _a982.03 517ind
100 1 _aBernand, Carmen
245 1 4 _aLos indígenas y la construcción del Estado nación :
_b(Argentina y México, 1810-1920) : historia y antropología de un enfrentamiento
250 _a1ra. ed.
260 _aBuenos Aires :
_bPrometeo,
_c2016.
300 _a395 p. :
_bfot.
650 4 _aANALISIS HISTORICO
650 4 _aANTROPOLOGIA
650 4 _aARGENTINA
650 4 _aASPECTOS POLITICOS
650 4 _aCAMPESINADO
650 4 _aCLASE OBRERA
650 4 _aESTADO
650 4 _aGUERRA CIVIL
650 4 _aINDEPENDENCIA
650 4 _aMEXICO
650 4 _aPOBLACION INDIGENA
650 4 _aTENENCIA DE LA TIERRA
653 _aPUEBLOS ORIGINARIOS
905 _a58201
942 _cLIB
999 _c12257
_d12257